000 00706pam a2200241 a 4500
008 950404s1996 paua b 001 0 eng c
020 _a0397550731
050 0 0 _aRT41
_b.T46 1996
082 0 0 _a610.73
245 0 0 _aBrunner and Suddarth's textbook of medical-surgical nursing.
250 _a8th ed./
260 _aPhiladelphia :
_bJ.B. Lippincott,
_cc1996.
300 _axxxi, 2066, 78 p. :
_bill. (some col.) ;
650 0 _aNursing.
650 0 _aSurgical nursing.
650 1 2 _aNursing Care.
650 2 2 _aSurgical Nursing.
700 1 _aBrunner, Lillian Sholtis.
700 1 _aSuddarth, Doris Smith.
700 1 _aSmeltzer, Suzanne C. O'Connell.
700 1 _aBare, Brenda G.
942 _cBK
999 _c2575
_d2575